Replacing lost cash: can it really be done? (Record no. 64703)

MARC details
000 -LEADER
fixed length control field 00858cam a2200241 4500
001 - CONTROL NUMBER
control field ABS62925
008 - FIXED-LENGTH DATA ELEMENTS--GENERAL INFORMATION
fixed length control field 000000n2000 000 0 eng u
035 ## - SYSTEM CONTROL NUMBER
System control number (Sirsi) u108371
100 ## - MAIN ENTRY--PERSONAL NAME
Personal name Briscoe, H
245 ## - TITLE STATEMENT
Title Replacing lost cash: can it really be done?
260 ## - PUBLICATION, DISTRIBUTION, ETC.
Date of publication, distribution, etc. 2000
490 ## - SERIES STATEMENT
Series statement Farmers' Weekly
Volume/sequential designation 133(6) 1 September 2000, 68-69(2)
520 ## - SUMMARY, ETC.
Summary, etc. Considers whether MAFF's decision to shift subsidies from production to the environment can ever make up for the lower prices caused by 2.5% modulation. Looks at the Countryside Stewardship Scheme and Environmentally Sensitive Areas. Case studies.
590 ## - LOCAL NOTE (RLIN)
Local note ABS
650 ## - SUBJECT ADDED ENTRY--TOPICAL TERM
Topical term or geographic name entry element GRANTS
650 ## - SUBJECT ADDED ENTRY--TOPICAL TERM
Topical term or geographic name entry element SUBSIDIES
650 ## - SUBJECT ADDED ENTRY--TOPICAL TERM
Topical term or geographic name entry element COUNTRYSIDE STEWARDSHIP SCHEME
650 ## - SUBJECT ADDED ENTRY--TOPICAL TERM
Topical term or geographic name entry element ENVIRONMENTALLY SENSITIVE AREAS
650 ## - SUBJECT ADDED ENTRY--TOPICAL TERM
Topical term or geographic name entry element FUNDING
650 ## - SUBJECT ADDED ENTRY--TOPICAL TERM
Topical term or geographic name entry element FARMERS
690 ## - LOCAL SUBJECT ADDED ENTRY--TOPICAL TERM (OCLC, RLIN)
Topical term or geographic name as entry element Rural
9 (RLIN) 6268
942 ## - ADDED ENTRY ELEMENTS (KOHA)
Suppress in OPAC 0
Holdings
Withdrawn status Lost status Source of classification or shelving scheme Damaged status Not for loan Home library Current library Shelving location Date acquired Total Checkouts Full call number Barcode Date last seen Copy number Price effective from Koha item type
    Dewey Decimal Classification     London London Journal article 15/09/2000   ABS62925 108371-1001 06/08/2019 1 06/08/2019 Journal article